000
00299nam a22001337a 4500
020
_a
9780743269698
082
_a
294.356775 DAL
100
_a
DalaiLama
245
_a
How to Expand Love
260
_a
New Yark
_b
ATRIA Books
_c
2005
300
_a
212
650
_a
Buddhism _ Sprituality
942
_c
BK
999
_c
19741
_d
19741